Harlow Shapley, 1885-1972 (Record no. 6475)

MARC details
000 -LEADER
fixed length control field 00527nam a2200169Ia 4500
003 - CONTROL NUMBER IDENTIFIER
control field IN-BaIIA
008 - FIXED-LENGTH DATA ELEMENTS--GENERAL INFORMATION
fixed length control field 211028s9999 xx 000 0 eng d
040 ## - CATALOGING SOURCE
Transcribing agency IIA Library
080 ## - UNIVERSAL DECIMAL CLASSIFICATION NUMBER
Universal Decimal Classification number 92:52
Item number BOK
100 ## - MAIN ENTRY--PERSONAL NAME
Personal name Bok, Bart J
245 #0 - TITLE STATEMENT
Title Harlow Shapley, 1885-1972
Remainder of title a biographical memoir
Statement of responsibility, etc. Bart J Bok
260 ## - PUBLICATION, DISTRIBUTION, ETC.
Place of publication, distribution, etc. Washington
Name of publisher, distributor, etc. National Academy of Science of the United States
Date of publication, distribution, etc. 1978
300 ## - PHYSICAL DESCRIPTION
Extent 241-291p.
650 ## - SUBJECT ADDED ENTRY--TOPICAL TERM
Topical term or geographic name entry element Biography
9 (RLIN) 1224
650 ## - SUBJECT ADDED ENTRY--TOPICAL TERM
Topical term or geographic name entry element NASA Thesaurus
942 ## - ADDED ENTRY ELEMENTS (KOHA)
Koha item type Books
Holdings
Withdrawn status Lost status Damaged status Not for loan Home library Current library Shelving location Date acquired Total Checkouts Full call number Barcode Date last seen Price effective from Koha item type Purchase Price
        IIA Library-Bangalore IIA Library-Bangalore General Stacks 31/03/1980   92:52/ BOK 7207 05/11/2021 31/03/1980 Books £ 4.85

Powered by Koha